| 000 | 01307cam a22002774a 4500 | ||
|---|---|---|---|
| 005 | 20260322212053.0 | ||
| 008 | data | ||
| 010 | _a 2010281806 | ||
| 020 | _a9780486473321 (pbk.) | ||
| 020 | _a0486473325 (pbk.) | ||
| 040 |
_aOSU _cOSU _dDLC _dDLC |
||
| 042 | _alccopycat | ||
| 050 | 0 | 0 |
_aNC749 _b.V67 2010 |
| 082 | 0 | 0 |
_a742 _222 |
| 092 | _a742 Dev 2010 | ||
| 100 | 1 |
_aVredeman de Vries, Hans, _d1527-approximately 1604. |
|
| 245 | 1 | 0 |
_aStudies in perspective / _cHans Vredeman de Vries. |
| 260 |
_aMineola, N.Y. : _bDover Publications, _c2010, c1996. |
||
| 300 |
_a1 v. (unpaged) : _bill. ; _c21 x 29 cm. |
||
| 500 | _a"Studies in Perspective, first published by Dover Publications, Inc., in 1968 under the title, Perspective, and republished in 2010, is a republication of the work originally published by Henricus Hondius in Leiden in 1604 and (Pars altera) 1605. The text which accompanied the illustrations has been omitted for this reprint. A new Introduction was written specially for the 1968 edition by Adolf K. Placzek"--T.p. verso. | ||
| 650 | 0 | _aPerspective. | |
| 906 |
_a7 _bcbc _ccopycat _d2 _encip _f20 _gy-gencatlg |
||
| 925 | 0 |
_aacquire _b2 shelf copies _xpolicy default |
|
| 955 | _wrd03 2010-09-08 | ||
| 001 | data | ||
| 999 |
_c1265 _d1265 |
||